000 00326nam a2200145Ia 4500
008 240510s9999 xx 000 0 und d
041 _asih
100 _aRanasinghe, P
245 4 _aThe Concise AACR 2- 1998 Revision
260 _bAuthor: Sri Lanka
260 _c2003
300 _a182 p.
942 _2ddc
942 _cLBK
999 _c27381
_d27381
945 _a1
_bMadushi Gamage
_c1
_dMadushi Gamage